Quizzes
Events
Quiz Creation
Community
Videos
Private Events
Remove Ads
Sign In
Join for FREE
Feedback
Dark Mode
Quiz Categories
Sports
Geography
Music
Movies
Television
Just For Fun
Miscellaneous
History
Literature
Language
Science
Gaming
Entertainment
Religion
Holiday
For Kids
Quiz Lab
Recent
Popular Today
Quiz Kudos Today
Editor Picks
Curator Picks
Quizzes by...
Day
Popularity
Type
Ratings
Length
Year
Community
Subscriptions
Recent Discussions
Orange Saloon
Badges
Playlists
Quests
Create
Leaderboards
Showdown
Live 5
Trivia Bingo
Activity
Puzzle Library
Sporcle Events
Private Events
Virtual Trivia
Globe League
Become a Host
Pub Owners
SporcleCon
Opinionation
Our Games
Videos
Blog
Mobile Apps
Partnerships
Remove Ads and Go Orange
Feedback
Geography
Country
Landmarks
City
State
Population
World
Capital
Continent
Flags
Europe
Africa
Asia
South America
North America
Oceania
Border
Canada
United Kingdom
Topography
United States
Geography
Country
Landmarks
City
State
Population
World
Capital
Continent
Flags
Europe
Africa
Asia
South America
North America
Oceania
Border
Canada
United Kingdom
Topography
United States
Random Quiz
Search Sporcle
×
Quiz Lab
Quiz Lab
Geography
Interstate Highway
Type in answers that appear in a list
Type in answers that appear in a list
Classic
Best Score? Go Orange.
2-digit Mississippi Interstate Counties Stats
Can you name the 2-digit Interstate Counties of Mississippi?
By
basketm19
4m
39 Questions
105 Plays
105 Plays
105 Plays
Comments
Comments
Give Quiz Kudos
Give Quiz Kudos
-
- Ratings
hide this ad
Replay
Link that replays current quiz
Next Quiz
Link to next quiz in quiz playlist
You Got
0%
They Got
Avg Score
68%
Avg Friend Score
Upgrade to see
Score Distribution
Jump to the score distribution portion of the page
Score
0/39
Timer
04:00
0
Plays Today
Interstate
County
% Correct
I-
10
Jackson
91.4%
I-
10
Harrison
89.5%
I-
22
DeSoto
86.7%
I-
55
DeSoto
86.7%
I-
69
DeSoto
86.7%
I-
10
Hancock
85.7%
I-
20
Hinds
85.7%
I-
55
Hinds
85.7%
I-
20
Rankin
81.9%
I-
55
Rankin
81.9%
I-
55
Madison
80%
I-
20
Lauderdale
78.1%
I-
59
Lauderdale
78.1%
I-
20
Warren
76.2%
I-
55
Grenada
72.4%
I-
22
Lee
69.5%
I-
59
Pearl River
69.5%
I-
59
Forrest
69.5%
I-
55
Pike
68.6%
I-
55
Panola
68.6%
Interstate
County
% Correct
I-
55
Yazoo
65.7%
I-
59
Lamar
62.9%
I-
55
Lincoln
61.9%
I-
55
Holmes
61.9%
I-
55
Tate
61.9%
I-
20
Scott
60%
I-
55
Montgomery
60%
I-
22
Itawamba
59%
I-
55
Yalobusha
59%
I-
59
Jones
59%
I-
55
Copiah
58.1%
I-
20
Newton
56.2%
I-
22
Marshall
55.2%
I-
22
Union
54.3%
I-
55
Carroll
54.3%
I-
22
Benton
51.4%
I-
59
Clarke
48.6%
I-
22
Pontotoc
46.7%
I-
59
Jasper
44.8%
Quiz Playlist
Details
Report
Send in Message
Add To Playlist
Classic:
Type in answers that appear in a list
Last Updated: Feb 16, 2017
Quiz Scoreboard
CHALLENGE
Sign Up to Join the Scoreboard
Show All
Scores
Hide
Comments
May contain spoilers
Recently Published
Billboard Blitz: Fleetwood Mac
by CooCooCachoo
Music
15s
Presidents Visiting Landmarks
by Hejman
History
7m
An Introduction to Baseball
by treessimontrees
Sports
5m
More to Explore
Quiz From the Vault
Featured Blog Post
Where Did the Easter Bunny Come From?
hide this ad
You Might Also Like...
Tags
2-digit
2-Digit Interstate
counties
Interstate Highway
mississippi
Today's Top Quizzes in Geography
Browse Geography
hide this ad
Today's Top Quizzes in Interstate Highway
Browse Interstate Highway
Top Contributed Quizzes in Geography
1
Countries of the World - No Outlines Minefield
2
Top 25 Cities of France on a map
3
Any capital of a 'B' country per Continent
4
Any capital of a 'C' country per Continent
5
Closest Countries to UK A-Z
6
Any capital of a 'D' country per Continent
7
5-to-1: US Geography No Hints
8
One Thing in Common: United Kingdom
9
Any capital of an 'E' country per Continent
10
Any capital of an 'F' country per Continent
Explore More
Trending Topics
NBA
Anime
Marvel
Crossword
Kpop
Harry Potter
Disney
Country
NFL
Song
The Office
Puzzle
Soccer
WWE
Pokémon
hide this ad
More By:
basketm19
Quiz
Plays
Rating
Category
Featured
Created
2-digit Georgia's Interstate Counties
699
4.20
Geography
Mar 8, 2010
Georgia's Most Populated Counties
693
3.67
Geography
Mar 4, 2010
Tennessee's Largest Cities
688
5.00
Geography
Jan 8, 2010
2-digit Ohio Interstate Counties
511
4.33
Geography
Jun 6, 2010
North Carolina's most populous counties
507
3.00
Geography
Mar 5, 2010
Go to Creator's Profile
Score Distribution
Quiz Creator Spotlight
basketm19
Follow
Send a Message
Quizzes Created
-
Created Quiz Play Count
-
More By This Creator
Popular Quizzes Today
1
Find the US States - No Outlines Minefield
2
Find the Countries of Europe - No Outlines Minefield
3
The Countries of the World
4
Find the US States
5
US States
6
Popular People in 1961
7
Risky Map Clicking: Biggest States A-Z
8
Movies - When Are They Set?
More Geography Quizzes
Smallest Answer: 'D' Countries
Quiz Lab
Trending Quizzes
Risky Map Clicking: Least Populous States A-Z
1-10 Letter G Words
1-10 Letter F Words
Risky Map Clicking: Next State Alphabetically
Risky Map Clicking: Biggest States A-Z
Recently Updated
Leaping Animals
pecheneg
Reality TV Shows (A-Z)
bhenderson79
Rickey Henderson's Hall of Fame Teammates
pecheneg
Champions League XIs: Arsenal
pecheneg
Quick Pick: Celebrities in WWE's Hall of Fame
aduchscher
A-Z Keypad Blitz II
pecheneg
Multiple Oscar Actors
pecheneg
Mystery Phrase Blitz: Oscar 'Best Actors'
pecheneg
F. Scott Fitzgerald Novels
LTH
Pick 3 Villains
ddd62291
Trending Topics
Harry Potter
Crossword
NBA
Disney
Anime
Marvel
Kpop
Song
Puzzle
Country
The Office
Soccer
WWE
NFL
Pokémon
Your Account Isn't Verified!
In order to create a playlist on Sporcle, you need to verify the email address you used during registration. Go to your
Sporcle Settings
to finish the process.
Report this User
Report this user for behavior that violates our
Community Guidelines
.
Details:
Send Report
Go to the Sporcle.com Mobile Site →
Comments